| 000 | 00875pam a2200313 a 4500 | ||
|---|---|---|---|
| 001 | 2454841 | ||
| 003 | OSt | ||
| 005 | 20140311163218.0 | ||
| 008 | 890223s1989 nyu j 000 1 eng | ||
| 010 | _a 89042541 | ||
| 020 |
_a0545085349 _c$11.95 |
||
| 020 | _a0531058395 (hard) | ||
| 040 |
_aDLC _cDLC _dDLC |
||
| 042 | _alcac | ||
| 050 | 0 | 0 |
_aPZ 7 _b.P2843 2009 |
| 100 | 1 |
_aPaulsen, Gary. _95626 |
|
| 245 | 1 | 4 |
_aThe winter room / _cGary Paulsen. |
| 260 |
_aNew York : _bScholastic Inc., _c2009. |
||
| 300 |
_a103 p. : _c22 cm. |
||
| 521 | _aG9 | ||
| 526 | _c1170 | ||
| 650 | 1 |
_aFarm life _zMinnesota _xFiction. _929679 |
|
| 650 | 1 |
_aLumber and lumbering _xFiction. _929680 |
|
| 650 | 1 |
_aNorwegian Americans _xFiction. _929681 |
|
| 651 | 1 |
_aMinnesota _xFiction. _929682 |
|
| 906 |
_a7 _bcbc _corignew _d1 _eocip _f19 _gy-gencatlg |
||
| 942 |
_2lcc _cBK |
||
| 999 |
_c42922 _d42922 |
||